000 00710nam a2200193 a 4500
001 000025191
005 20240226141826.0
008 110211s1998 cl a 000 0 spa d
020 _a9789583006685
040 _aDO-SdBNP
_bspa
_cBNPHU
082 _a843.92
_bV531i
100 1 _aVerne, Julio,
_d1828-1905
_91073
245 1 3 _aLa isla misteriosa /
_cJulio Verne ; texto abreviado Miguel Arteche ; Ilustraciones Andrés Julian.
260 _aSantafé de Bogotá :
_bPanamericana,
_c1998.
300 _a326 p. :
_bil. ;
_c20 cm.
500 _aLa biblioteca posee la 7ma. reimpresión del 2008
500 _aIncluye datos biográficos del autor en la solapa de la cubierta
700 1 _aJulian, Andrés,
_eil.
_951674
999 _c24684
_d24684